Automatizovaný systém riadenia priemyselného podniku /

Gespeichert in:
Bibliographische Detailangaben
1. Verfasser: Kováč, Vasil (xxx)
Format: Buch
Sprache:Slowakisch
Veröffentlicht: Bratislava : Alfa, 1983
Ausgabe:1.vyd.
Schlagworte:
Tags: Tag hinzufügen
Keine Tags, Fügen Sie das erste Tag hinzu!

MARC

LEADER 00000nam a22000003a 4500
001 stu34459
005 20150617225730.0
008 920318s1983----cs------------------slo-d
040 |a STU  |b slo 
041 0 |a slo 
044 |a cs 
080 |a 658.5.011.56 
100 1 |a Kováč, Vasil  |4 xxx 
245 1 |a Automatizovaný systém riadenia priemyselného podniku /  |c Vasil Kováč a kol 
250 |a 1.vyd. 
260 |a Bratislava :  |b Alfa,  |c 1983 
300 |a 259 s 
650 7 |a Riadenie automatizované  |2 stusub 
650 7 |a podniky priemyselné  |2 stusub 
996 |b 284M046277  |c M*401-2  |l MMKN  |s A  |a 24  |w stu34459_0001 
996 |b 284M046278  |c M*401-1  |l MMKN  |s A  |a 24  |w stu34459_0002 
996 |c V*30219/O-12189  |l VV7  |s P  |a 0  |w stu34459_0003